Political parties: a sociological study of the oligarchical tendencies of modern democracy

Saved in:
Bibliografiske detaljer
Hovedforfatter: Michels, Robert (autor)
Format: Bog
Sprog:engelsk
Udgivet: Nueva York Dover Publications 1959
Fag:
Tags: Tilføj Tag
Ingen Tags, Vær først til at tagge denne postø!

MARC

LEADER 00000nam a2200000 a 4500
001 UCS3042
003 CL-VaPUC
008 970613e19590000US |||||||||||||||||eng|d
082 0 4 |a 324.2  |b MIC  |2 21 
100 |a Michels, Robert  |e autor  |9 389008 
245 1 0 |a Political parties: a sociological study of the oligarchical tendencies of modern democracy 
300 |a 416 p 
942 |c BK 
945 |d 19970613 00:00:00  |a lriquelm 
260 |a Nueva York  |b Dover Publications  |c 1959 
650 0 |a Partidos políticos  |9 254999 
650 0 |a Democracia  |9 255256 
650 7 |a SISTEMAS POLITICOS  |2 CL-VaPUC  |9 389009 
650 0 |a Liderazgo político   |9 341244 
650 7 |a COMPORTAMIENTO POLITICO  |2 CL-VaPUC  |9 335468 
650 0 |a Cambio social   |9 256857 
583 |a last modification  |c 19970613 00:00:00  |k Rodrigo Vera 
999 |c 260895  |d 260893 
952 |0 0  |1 0  |4 0  |6 324_200000000000000_MIC_1959  |7 0  |8 A  |9 287518  |a BIBDER  |b BIBDER  |d 2019-11-19  |i 1831267  |o 324.2 MIC 1959  |p 1831267  |r 2023-01-25  |w 2019-11-19  |y BK  |k DER